|
|
|
|
| LEADER |
00000nta a2200000 i 4500 |
| 001 |
dolg45497 |
| 005 |
20230728070302.0 |
| 008 |
230728suuuu hu om 000 hun d |
| 040 |
|
|
|a BGE Dolgozattár Repozitórium
|b hun
|
| 041 |
|
|
|a hu
|
| 100 |
1 |
|
|a Ragány Miklós
|
| 245 |
1 |
0 |
|a Közösségi portálok kialakulása, elterjedése és működése, kihatása a személyes kapcsolatokra
|c Ragány Miklós
|h [elektronikus dokumentum]
|
| 695 |
|
|
|a Közösségi oldalak
|
| 695 |
|
|
|a Facebook
|
| 695 |
|
|
|a IWIW
|
| 700 |
1 |
|
|a Nincs adat Nincs adat
|e ths
|
| 856 |
4 |
0 |
|u http://dolgozattar.uni-bge.hu/45497/1/D_15377%20Rag%C3%A1ny%20Mikl%C3%B3s.pdf
|z Dokumentum-elérés
|